Skutečný okamžik realizace daňové úspory
Problematika daňovej úspory v ilustratívnych príkladoch. Skutočný okamžik realizácie daňovej úspory. Východzia a súčasná hodnota daňovej úspory. Závislosť daňovej úspory na diskontnej sadzbe. Koeficienty súčasnej daňovej úspory.
Gespeichert in:
| 1. Verfasser: | |
|---|---|
| Weitere Verfasser: | |
| Format: | Buchkapitel |
| Sprache: | Tschechisch |
| Schlagworte: | |
| Tags: |
Keine Tags, Fügen Sie das erste Tag hinzu!
|
MARC
| LEADER | 00000naa a2200000 4500 | ||
|---|---|---|---|
| 001 | r048464 | ||
| 005 | 20230808082155.1 | ||
| 041 | 0 | |a cze | |
| 044 | |a SK | ||
| 245 | 1 | 0 | |a Skutečný okamžik realizace daňové úspory |c Petr Marek, Jarmila Radová |
| 520 | |a Problematika daňovej úspory v ilustratívnych príkladoch. Skutočný okamžik realizácie daňovej úspory. Východzia a súčasná hodnota daňovej úspory. Závislosť daňovej úspory na diskontnej sadzbe. Koeficienty súčasnej daňovej úspory. | ||
| 610 | 2 | 0 | |a dane |
| 610 | 2 | 0 | |a úspory |
| 610 | 2 | 0 | |a manažment finančný |
| 610 | 2 | 0 | |a sadzby daňové |
| 610 | 2 | 0 | |a sadzby diskontné |
| 610 | 2 | 0 | |a povinnosť daňová |
| 100 | 1 | |a Marek, Petr | |
| 700 | 1 | |a Radová, Jarmila | |